All Teams to Ever Play an Asian Cup - Soccer - Statistics

General Stats
  • This quiz has been taken 140 times
  • The average score is 29 of 35
Answer Stats
# Top Finish Team % Correct
9 Winner Japan
100%
12 Runner-up China
99%
5 4th place North Korea
98%
10 Winner Saudi Arabia
98%
14 Winner South Korea
98%
14 Winner Iran
97%
9 Winner Iraq
95%
4 Runner-up India
94%
10 Winner Qatar
94%
4 Round 1 Indonesia
92%
4 Round 2 Oman
90%
4 4th place Vietnam
90%
6 Round 1 Syria
89%
7 3rd place Thailand
89%
1 Round 1 Yemen
88%
4 Quarters Jordan
87%
7 4th place Uzbekistan
87%
10 Winner Kuwait
86%
3 Round 1 Malaysia
86%
10 Runner-up United Arab Emirates
86%
4 Winner Australia
85%
6 4th place Bahrain
84%
4 Winner Israel
82%
1 Round 2 Kyrgyzstan
82%
1 Round 1 Singapore
81%
2 Round 1 Lebanon
80%
2 Round 1 Turkmenistan
79%
2 3rd place Chinese Taipei
78%
1 Runner-up Myanmar
78%
1 Round 1 Philippines
78%
1 4th place Cambodia
77%
1 Round 1 Bangladesh
69%
3 3rd place Hong Kong
62%
2 Round 1 Palestine
58%
1 Round 1 South Yemen
10%
No matching quizzes found
Score Distribution
Percent of People with Each Score
Percentile by Number Answered
Your Score History
You have not taken this quiz